[Event "Team Championship (women blitz)"]
[Site "Sochi"]
[Date "2017.10.05"]
[Round "6.9"]
[White "Vasilevich, Tatjana"]
[Black "Bodnaruk, Anastasia"]
[Result "1-0"]
[LiveChessVersion "1.4.8"]
[BlackElo "2439"]
[WhiteElo "2229"]

1. d4 {[%clk 0:03:03]} Nf6 {[%clk 0:03:04]} 2. c4 {[%clk 0:03:04]} g6
{[%clk 0:03:05]} 3. Nc3 {[%clk 0:03:04]} Bg7 {[%clk 0:03:07]} 4. e4
{[%clk 0:03:06]} d6 {[%clk 0:03:08]} 5. f3 {[%clk 0:03:07]} O-O {[%clk 0:03:09]}
6. Nge2 {[%clk 0:03:08]} a6 {[%clk 0:03:10]} 7. Ng3 {[%clk 0:03:07]} c6
{[%clk 0:03:07]} 8. Be2 {[%clk 0:03:06]} b5 {[%clk 0:03:01]} 9. Be3
{[%clk 0:03:07]} h5 {[%clk 0:02:55]} 10. O-O {[%clk 0:03:07]} bxc4
{[%clk 0:02:27]} 11. Bxc4 {[%clk 0:03:07]} d5 {[%clk 0:02:28]} 12. Bb3
{[%clk 0:02:47]} h4 {[%clk 0:02:28]} 13. Nh1 {[%clk 0:02:45]} dxe4
{[%clk 0:02:25]} 14. Nxe4 {[%clk 0:02:42]} Nd5 {[%clk 0:02:22]} 15. Bf2
{[%clk 0:02:42]} h3 {[%clk 0:02:17]} 16. g3 {[%clk 0:02:24]} Bf5 {[%clk 0:02:16]}
17. Rc1 {[%clk 0:02:23]} Bh6 {[%clk 0:02:12]} 18. Rc5 {[%clk 0:02:12]} Ne3
{[%clk 0:01:56]} 19. Qd2 {[%clk 0:02:08]} Ng4 {[%clk 0:01:54]} 20. Ng5
{[%clk 0:01:45]} Nxf2 {[%clk 0:01:47]} 21. Nxf2 {[%clk 0:01:46]} e6
{[%clk 0:01:32]} 22. f4 {[%clk 0:01:34]} Nd7 {[%clk 0:01:25]} 23. Rxc6
{[%clk 0:01:18]} Bxg5 {[%clk 0:01:06]} 24. fxg5 {[%clk 0:01:17]} Ne5
{[%clk 0:01:08]} 25. Rc3 {[%clk 0:01:13]} Ng4 {[%clk 0:00:30]} 26. Qf4
{[%clk 0:01:13]} Nxf2 {[%clk 0:00:23]} 27. Rxf2 {[%clk 0:01:13]} Qb8
{[%clk 0:00:13]} 28. g4 {[%clk 0:01:00]} Qxf4 {[%clk 0:00:10]} 29. Rxf4
{[%clk 0:01:01]} Bb1 {[%clk 0:00:12]} 30. Rxh3 {[%clk 0:00:52]} Rad8
{[%clk 0:00:08]} 31. Rhf3 {[%clk 0:00:49]} Kg7 {[%clk 0:00:09]} 32. Kf2
{[%clk 0:00:44]} a5 {[%clk 0:00:08]} 33. Ke3 {[%clk 0:00:42]} Rd6
{[%clk 0:00:08]} 34. Rf1 {[%clk 0:00:39]} e5 {[%clk 0:00:09]} 35. dxe5
{[%clk 0:00:38]} Rd3+ {[%clk 0:00:09]} 36. Ke2 {[%clk 0:00:38]} Rxb3
{[%clk 0:00:09]} 37. axb3 {[%clk 0:00:37]} Bc2 {[%clk 0:00:10]} 38. R1f3
{[%clk 0:00:32]} Kg8 {[%clk 0:00:07]} 39. e6 {[%clk 0:00:33]} Re8
{[%clk 0:00:07]} 40. Rxf7 {[%clk 0:00:31]} Rxe6+ {[%clk 0:00:09]} 41. Kd2
{[%clk 0:00:33]} Bxb3 {[%clk 0:00:04]} 42. Rf8+ {[%clk 0:00:33]} Kg7
{[%clk 0:00:06]} 43. R3f7# {[%clk 0:00:34]} 1-0

[Event "Team Championship (women blitz)"]
[Site "Sochi"]
[Date "2017.10.05"]
[Round "6.10"]
[White "Ovod, Evgenija"]
[Black "Charochkina, Daria"]
[Result "0-1"]
[LiveChessVersion "1.4.8"]
[BlackElo "2458"]
[WhiteElo "2191"]

1. d4 {[%clk 0:03:03]} f5 {[%clk 0:02:59]} 2. g3 {[%clk 0:03:02]} Nf6
{[%clk 0:03:00]} 3. Bg2 {[%clk 0:03:03]} e6 {[%clk 0:03:01]} 4. c4
{[%clk 0:03:02]} d5 {[%clk 0:03:01]} 5. Nc3 {[%clk 0:03:02]} c6 {[%clk 0:03:02]}
6. Nh3 {[%clk 0:02:59]} Bd6 {[%clk 0:03:02]} 7. Bf4 {[%clk 0:02:59]} Be7
{[%clk 0:03:03]} 8. O-O {[%clk 0:02:47]} O-O {[%clk 0:03:03]} 9. Rc1
{[%clk 0:02:24]} h6 {[%clk 0:03:04]} 10. Qd3 {[%clk 0:01:58]} g5 {[%clk 0:02:55]}
11. Bd2 {[%clk 0:01:55]} Na6 {[%clk 0:02:31]} 12. a3 {[%clk 0:01:52]} Bd7
{[%clk 0:02:31]} 13. f3 {[%clk 0:01:51]} Be8 {[%clk 0:02:21]} 14. cxd5
{[%clk 0:01:46]} exd5 {[%clk 0:02:07]} 15. e4 {[%clk 0:01:41]} dxe4
{[%clk 0:01:49]} 16. fxe4 {[%clk 0:01:43]} Nc5 {[%clk 0:01:50]} 17. Qc4+
{[%clk 0:01:29]} Bf7 {[%clk 0:01:51]} 18. d5 {[%clk 0:01:27]} Ncxe4
{[%clk 0:01:47]} 19. Nxe4 {[%clk 0:01:23]} Nxe4 {[%clk 0:01:35]} 20. Bxe4
{[%clk 0:01:14]} fxe4 {[%clk 0:01:35]} 21. Qxe4 {[%clk 0:01:14]} Qxd5
{[%clk 0:01:28]} 22. Qxe7 {[%clk 0:01:10]} Qxd2 {[%clk 0:01:29]} 23. Qf6
{[%clk 0:00:50]} Qe3+ {[%clk 0:01:23]} 24. Nf2 {[%clk 0:00:50]} Qe6
{[%clk 0:01:16]} 25. Qc3 {[%clk 0:00:43]} Bg6 {[%clk 0:00:36]} 26. Rce1
{[%clk 0:00:41]} Qf6 {[%clk 0:00:38]} 27. Qb3+ {[%clk 0:00:37]} Bf7
{[%clk 0:00:34]} 28. Qxb7 {[%clk 0:00:32]} Bd5 {[%clk 0:00:35]} 29. Re7
{[%clk 0:00:13]} Rae8 {[%clk 0:00:32]} 30. Rxe8 {[%clk 0:00:07]} Rxe8
{[%clk 0:00:33]} 31. Ng4 {[%clk 0:00:05]} Qd4+ {[%clk 0:00:34]} 32. Nf2
{[%clk 0:00:06]} Qe3 {[%clk 0:00:31]} 33. Qd7 Rf8 {[%clk 0:00:27]} 34. Qd6
{[%clk 0:00:03]} Kg7 {[%clk 0:00:20]} 35. Qd7+ {[%clk 0:00:03]} Rf7
{[%clk 0:00:21]} 36. Qd6 {[%clk 0:00:00]} Qf3 {[%clk 0:00:21]} 37. Qe5+
{[%clk 0:00:00]} Kh7 {[%clk 0:00:21]} 0-1

[Event "Team Championship (women blitz)"]
[Site "Sochi"]
[Date "2017.10.05"]
[Round "6.11"]
[White "Potapova, Margarita"]
[Black "Belenkaya, Dina"]
[Result "1-0"]
[LiveChessVersion "1.4.8"]
[BlackElo "2204"]
[WhiteElo "2031"]

1. d4 {[%clk 0:03:03]} d5 {[%clk 0:03:04]} 2. Bf4 {[%clk 0:03:04]} Nf6
{[%clk 0:03:04]} 3. e3 {[%clk 0:03:05]} c5 {[%clk 0:03:05]} 4. c3
{[%clk 0:03:02]} Nc6 {[%clk 0:03:05]} 5. Nf3 {[%clk 0:03:02]} Qb6
{[%clk 0:03:06]} 6. Qb3 {[%clk 0:02:56]} c4 {[%clk 0:03:07]} 7. Qc2
{[%clk 0:02:58]} Bf5 {[%clk 0:03:07]} 8. Qc1 {[%clk 0:02:59]} h6 {[%clk 0:03:08]}
9. h3 {[%clk 0:02:56]} e6 {[%clk 0:02:40]} 10. Nbd2 {[%clk 0:02:55]} Be7
{[%clk 0:02:41]} 11. Be2 {[%clk 0:02:55]} O-O {[%clk 0:02:42]} 12. O-O
{[%clk 0:02:52]} Qd8 {[%clk 0:02:32]} 13. Ne5 {[%clk 0:02:44]} Nxe5
{[%clk 0:02:30]} 14. Bxe5 {[%clk 0:02:45]} Nd7 {[%clk 0:02:30]} 15. Bg3
{[%clk 0:02:42]} b5 {[%clk 0:02:31]} 16. f3 {[%clk 0:02:36]} Bh7 {[%clk 0:02:16]}
17. e4 {[%clk 0:02:35]} b4 {[%clk 0:02:07]} 18. f4 {[%clk 0:02:09]} Nf6
{[%clk 0:01:33]} 19. e5 {[%clk 0:02:06]} Ne4 {[%clk 0:01:34]} 20. Nxe4
{[%clk 0:02:06]} Bxe4 {[%clk 0:01:34]} 21. Be1 {[%clk 0:01:39]} bxc3
{[%clk 0:01:29]} 22. Bxc3 {[%clk 0:01:30]} Rb8 {[%clk 0:01:30]} 23. Qd2
{[%clk 0:01:29]} g5 {[%clk 0:01:21]} 24. Bf3 {[%clk 0:01:22]} Bd3
{[%clk 0:01:21]} 25. Be2 {[%clk 0:01:22]} Be4 {[%clk 0:01:22]} 26. Bf3
{[%clk 0:01:23]} Bd3 {[%clk 0:01:23]} 27. Be2 {[%clk 0:01:24]} Be4
{[%clk 0:01:17]} 28. Bf3 {[%clk 0:01:25]} Bh7 {[%clk 0:00:51]} 29. Bg4
{[%clk 0:01:13]} gxf4 {[%clk 0:00:48]} 30. Qxf4 {[%clk 0:01:12]} Bg5
{[%clk 0:00:49]} 31. Qg3 {[%clk 0:01:13]} Bh4 {[%clk 0:00:43]} 32. Qe3
{[%clk 0:01:05]} Qg5 {[%clk 0:00:40]} 33. Qf3 {[%clk 0:01:07]} Be4 34. Qf4
{[%clk 0:00:47]} Qxf4 {[%clk 0:00:35]} 35. Rxf4 {[%clk 0:00:48]} Bg5
{[%clk 0:00:31]} 36. Rff1 {[%clk 0:00:46]} Be3+ {[%clk 0:00:30]} 37. Kh2
{[%clk 0:00:45]} Bg5 {[%clk 0:00:15]} 38. Bh5 {[%clk 0:00:35]} Rb7
{[%clk 0:00:16]} 39. g3 {[%clk 0:00:32]} Kg7 {[%clk 0:00:13]} 40. h4
{[%clk 0:00:33]} Bd8 {[%clk 0:00:11]} 41. Rf2 {[%clk 0:00:31]} Bd3
{[%clk 0:00:10]} 42. a3 {[%clk 0:00:30]} f5 {[%clk 0:00:11]} 43. Bb4
{[%clk 0:00:18]} Rg8 {[%clk 0:00:11]} 44. Kh3 {[%clk 0:00:17]} Be7
{[%clk 0:00:10]} 45. Bc3 {[%clk 0:00:15]} Rgb8 {[%clk 0:00:11]} 46. g4
{[%clk 0:00:16]} Kh7 {[%clk 0:00:10]} 47. Rg1 {[%clk 0:00:13]} Rg8
{[%clk 0:00:11]} 48. Rfg2 {[%clk 0:00:10]} fxg4+ {[%clk 0:00:11]} 49. Bxg4
{[%clk 0:00:10]} Rxg4 50. Kxg4 {[%clk 0:00:11]} Be4 {[%clk 0:00:06]} 51. Rf2
{[%clk 0:00:11]} Bf5+ {[%clk 0:00:06]} 52. Kg3 {[%clk 0:00:12]} Bd8
{[%clk 0:00:07]} 53. h5 {[%clk 0:00:10]} Rg7+ {[%clk 0:00:06]} 54. Kh2
{[%clk 0:00:12]} Bg5 {[%clk 0:00:07]} 55. Bd2 {[%clk 0:00:12]} Bxd2
{[%clk 0:00:05]} 56. Rxg7+ {[%clk 0:00:13]} Kxg7 57. Rxd2 {[%clk 0:00:14]} Kf7
{[%clk 0:00:07]} 58. Kg3 {[%clk 0:00:12]} a5 {[%clk 0:00:07]} 59. Kh4
{[%clk 0:00:13]} a4 {[%clk 0:00:08]} 60. Rg2 {[%clk 0:00:13]} Kf8
{[%clk 0:00:09]} 61. Rf2 {[%clk 0:00:14]} Kf7 {[%clk 0:00:09]} 62. Kg3
{[%clk 0:00:15]} Kg7 {[%clk 0:00:10]} 63. Kf4 {[%clk 0:00:16]} Kf7
{[%clk 0:00:11]} 64. Ke3 {[%clk 0:00:16]} Ke7 {[%clk 0:00:09]} 65. Kd2
{[%clk 0:00:17]} Bg4 {[%clk 0:00:10]} 66. Rh2 {[%clk 0:00:17]} Kf7
{[%clk 0:00:11]} 67. Kc3 {[%clk 0:00:18]} Bd1 {[%clk 0:00:10]} 68. Kb4
{[%clk 0:00:19]} Ke7 {[%clk 0:00:10]} 69. Rg2 {[%clk 0:00:16]} Bxh5
{[%clk 0:00:10]} 70. Kxa4 {[%clk 0:00:17]} Bd1+ {[%clk 0:00:11]} 71. Kb5
{[%clk 0:00:18]} h5 {[%clk 0:00:12]} 72. Rg7+ {[%clk 0:00:17]} Kf8
{[%clk 0:00:13]} 73. Rg1 {[%clk 0:00:17]} Bf3 {[%clk 0:00:13]} 74. Rg3
{[%clk 0:00:18]} Be4 {[%clk 0:00:13]} 75. Rh3 {[%clk 0:00:17]} Bg6
{[%clk 0:00:14]} 76. a4 {[%clk 0:00:18]} Kg7 {[%clk 0:00:14]} 77. a5
{[%clk 0:00:19]} Bd3 {[%clk 0:00:13]} 78. Kb6 {[%clk 0:00:18]} Kg6
{[%clk 0:00:13]} 79. a6 {[%clk 0:00:20]} Bf1 {[%clk 0:00:12]} 80. Rg3+
{[%clk 0:00:20]} Kh6 {[%clk 0:00:13]} 81. a7 {[%clk 0:00:21]} h4 {[%clk 0:00:13]}
82. Rg1 {[%clk 0:00:22]} Be2 {[%clk 0:00:14]} 83. a8=Q {[%clk 0:00:22]} Bf3
{[%clk 0:00:13]} 84. Qh8# {[%clk 0:00:22]} 1-0

[Event "Team Championship (women blitz)"]
[Site "Sochi"]
[Date "2017.10.05"]
[Round "6.12"]
[White "Styazhkina, Anna"]
[Black "Gritsayeva, Oksana"]
[Result "1-0"]
[LiveChessVersion "1.4.8"]
[BlackElo "2216"]
[WhiteElo "2198"]

1. e4 {[%clk 0:03:03]} c5 {[%clk 0:03:03]} 2. Nf3 {[%clk 0:03:03]} e6
{[%clk 0:03:05]} 3. d4 {[%clk 0:03:03]} cxd4 {[%clk 0:03:05]} 4. Nxd4
{[%clk 0:03:03]} a6 {[%clk 0:03:04]} 5. Bd3 {[%clk 0:03:04]} Qc7 {[%clk 0:03:03]}
6. c4 {[%clk 0:02:42]} Nf6 {[%clk 0:03:03]} 7. O-O {[%clk 0:02:42]} d6
{[%clk 0:03:03]} 8. Nc3 {[%clk 0:02:41]} Be7 {[%clk 0:03:04]} 9. Be3
{[%clk 0:02:37]} Nbd7 {[%clk 0:02:57]} 10. Rc1 {[%clk 0:02:32]} O-O
{[%clk 0:02:56]} 11. f3 {[%clk 0:02:30]} b6 {[%clk 0:02:57]} 12. Qd2
{[%clk 0:02:25]} Bb7 {[%clk 0:02:58]} 13. Rfd1 {[%clk 0:02:25]} Rac8
{[%clk 0:02:58]} 14. b4 {[%clk 0:02:23]} Qb8 {[%clk 0:02:54]} 15. Bf1
{[%clk 0:02:15]} Bd8 {[%clk 0:02:40]} 16. Nb3 {[%clk 0:01:45]} Bc7
{[%clk 0:02:35]} 17. Bf4 {[%clk 0:01:32]} Ne5 {[%clk 0:02:23]} 18. Kh1
{[%clk 0:01:33]} Rfd8 {[%clk 0:02:07]} 19. Bxe5 {[%clk 0:01:07]} dxe5
{[%clk 0:02:08]} 20. Qf2 {[%clk 0:01:07]} Rxd1 {[%clk 0:01:59]} 21. Rxd1
{[%clk 0:01:08]} Rd8 {[%clk 0:01:58]} 22. Rxd8+ {[%clk 0:00:58]} Qxd8
{[%clk 0:01:57]} 23. a4 {[%clk 0:00:54]} h6 {[%clk 0:01:51]} 24. b5
{[%clk 0:00:51]} axb5 {[%clk 0:01:41]} 25. axb5 {[%clk 0:00:52]} Bd6
{[%clk 0:01:34]} 26. Na4 {[%clk 0:00:40]} Nd7 {[%clk 0:01:35]} 27. Qd2
{[%clk 0:00:20]} Qc7 {[%clk 0:01:35]} 28. h3 {[%clk 0:00:17]} Kh7
{[%clk 0:01:30]} 29. Be2 {[%clk 0:00:08]} f6 {[%clk 0:01:24]} 30. Qd3
{[%clk 0:00:08]} Kg8 {[%clk 0:01:11]} 31. Bd1 {[%clk 0:00:07]} Kf7
{[%clk 0:01:12]} 32. Nd2 {[%clk 0:00:06]} Nc5 {[%clk 0:01:11]} 33. Nxc5
{[%clk 0:00:06]} Bxc5 {[%clk 0:01:12]} 34. Nb3 {[%clk 0:00:07]} Bd6
{[%clk 0:01:03]} 35. Qe3 {[%clk 0:00:05]} Ke7 {[%clk 0:01:02]} 36. Be2
{[%clk 0:00:06]} Bc8 {[%clk 0:01:00]} 37. Qf2 {[%clk 0:00:06]} Bd7
{[%clk 0:01:00]} 38. Qg3 {[%clk 0:00:07]} Kf7 {[%clk 0:00:59]} 39. Qe1
{[%clk 0:00:07]} Bc5 {[%clk 0:00:58]} 40. Qd2 {[%clk 0:00:07]} Ke7
{[%clk 0:00:57]} 41. Kh2 Qd6 {[%clk 0:00:57]} 42. Qc3 {[%clk 0:00:05]} Bd4
{[%clk 0:00:55]} 43. Qd2 {[%clk 0:00:04]} f5 {[%clk 0:00:52]} 44. Bd3
{[%clk 0:00:04]} f4 {[%clk 0:00:51]} 45. Be2 {[%clk 0:00:04]} Be3
{[%clk 0:00:48]} 46. Qa2 {[%clk 0:00:04]} Qb4 {[%clk 0:00:46]} 47. Qb2
{[%clk 0:00:04]} Qe1 {[%clk 0:00:42]} 48. Qa3+ {[%clk 0:00:05]} Kf7
{[%clk 0:00:40]} 49. Qa1 {[%clk 0:00:06]} Qg3+ {[%clk 0:00:35]} 50. Kh1
{[%clk 0:00:07]} Kf6 {[%clk 0:00:35]} 51. Bd3 {[%clk 0:00:07]} Qf2
{[%clk 0:00:34]} 52. Qf1 {[%clk 0:00:07]} Qb2 {[%clk 0:00:32]} 53. Qd1
{[%clk 0:00:08]} Be8 {[%clk 0:00:30]} 54. Bc2 {[%clk 0:00:08]} Ke7
{[%clk 0:00:27]} 55. Qd3 {[%clk 0:00:06]} Qa3 {[%clk 0:00:19]} 56. Kh2
{[%clk 0:00:04]} Qd6 {[%clk 0:00:18]} 57. Qe2 g5 {[%clk 0:00:18]} 58. Bd3
{[%clk 0:00:03]} h5 {[%clk 0:00:19]} 59. Qc2 {[%clk 0:00:04]} g4 {[%clk 0:00:18]}
60. hxg4 {[%clk 0:00:04]} hxg4 {[%clk 0:00:19]} 61. fxg4 {[%clk 0:00:06]} Bd7
{[%clk 0:00:16]} 62. Be2 {[%clk 0:00:06]} Kf6 {[%clk 0:00:16]} 63. Bf3
{[%clk 0:00:06]} Qe7 {[%clk 0:00:15]} 64. g3 {[%clk 0:00:07]} fxg3+
{[%clk 0:00:14]} 65. Kxg3 Kg5 {[%clk 0:00:12]} 66. Qe2 {[%clk 0:00:07]} Bf4+
{[%clk 0:00:12]} 67. Kg2 {[%clk 0:00:08]} Qh7 {[%clk 0:00:12]} 68. Kf1
{[%clk 0:00:09]} Qh3+ {[%clk 0:00:11]} 69. Qg2 {[%clk 0:00:10]} Qxg2+
{[%clk 0:00:11]} 70. Kxg2 {[%clk 0:00:10]} Be8 {[%clk 0:00:12]} 71. Be2
{[%clk 0:00:10]} Bd7 {[%clk 0:00:11]} 72. c5 {[%clk 0:00:10]} bxc5
{[%clk 0:00:10]} 73. Nxc5 {[%clk 0:00:11]} Bc8 {[%clk 0:00:10]} 74. b6
{[%clk 0:00:12]} Be3 {[%clk 0:00:11]} 75. b7 {[%clk 0:00:13]} Bxb7
{[%clk 0:00:11]} 76. Nxb7 {[%clk 0:00:14]} Kf4 {[%clk 0:00:11]} 77. Bf3
{[%clk 0:00:15]} Bd4 {[%clk 0:00:11]} 78. Nd6 {[%clk 0:00:16]} Kg5
{[%clk 0:00:12]} 79. Nc4 {[%clk 0:00:14]} Bc3 {[%clk 0:00:12]} 80. Kf2
{[%clk 0:00:14]} Kf4 {[%clk 0:00:12]} 81. Ke2 {[%clk 0:00:15]} Bd4
{[%clk 0:00:12]} 82. Nd6 {[%clk 0:00:15]} Kg5 {[%clk 0:00:12]} 83. Nf7+
{[%clk 0:00:15]} Kf6 {[%clk 0:00:13]} 84. Nd8 {[%clk 0:00:14]} Ba1
{[%clk 0:00:10]} 85. Kd3 {[%clk 0:00:14]} Bb2 {[%clk 0:00:09]} 86. Kc4
{[%clk 0:00:15]} Bd4 {[%clk 0:00:07]} 87. Kb5 {[%clk 0:00:16]} Bc3
{[%clk 0:00:04]} 88. Kc6 {[%clk 0:00:17]} Ke7 {[%clk 0:00:04]} 89. Nb7
{[%clk 0:00:15]} Kf6 {[%clk 0:00:04]} 90. Kd7 {[%clk 0:00:13]} Bd4
{[%clk 0:00:03]} 91. Nd8 {[%clk 0:00:12]} Kg5 {[%clk 0:00:00]} 1-0

[Event "Team Championship (women blitz)"]
[Site "Sochi"]
[Date "2017.10.05"]
[Round "7.1"]
[White "Vasilevich, Tatjana"]
[Black "Ubiennykh, Ekaterina"]
[Result "1-0"]
[LiveChessVersion "1.4.8"]
[BlackElo "2364"]
[WhiteElo "2229"]

1. d4 {[%clk 0:03:04]} Nf6 {[%clk 0:03:03]} 2. c4 {[%clk 0:03:05]} g6
{[%clk 0:03:03]} 3. Nc3 {[%clk 0:03:06]} Bg7 {[%clk 0:03:04]} 4. e4
{[%clk 0:03:07]} d6 {[%clk 0:03:05]} 5. f3 {[%clk 0:03:09]} Nbd7 {[%clk 0:03:02]}
6. Nge2 {[%clk 0:03:08]} c5 {[%clk 0:03:02]} 7. d5 {[%clk 0:03:09]} Ne5
{[%clk 0:02:56]} 8. Ng3 {[%clk 0:03:09]} h5 {[%clk 0:02:54]} 9. f4
{[%clk 0:02:46]} Neg4 {[%clk 0:02:07]} 10. Be2 {[%clk 0:02:35]} h4
{[%clk 0:02:05]} 11. Nf1 {[%clk 0:02:36]} h3 {[%clk 0:02:00]} 12. g3
{[%clk 0:02:32]} a6 {[%clk 0:01:53]} 13. a4 {[%clk 0:02:29]} Nh6 {[%clk 0:01:48]}
14. Ne3 {[%clk 0:02:04]} e6 {[%clk 0:01:35]} 15. dxe6 {[%clk 0:01:59]} Bxe6
{[%clk 0:01:31]} 16. O-O {[%clk 0:01:51]} O-O {[%clk 0:01:31]} 17. f5
{[%clk 0:01:42]} Bc8 {[%clk 0:01:19]} 18. g4 {[%clk 0:01:35]} Nxe4
{[%clk 0:01:08]} 19. Nxe4 {[%clk 0:01:33]} Re8 {[%clk 0:01:09]} 20. f6
{[%clk 0:01:07]} Rxe4 {[%clk 0:01:04]} 21. fxg7 {[%clk 0:01:07]} Rd4
{[%clk 0:00:58]} 22. Bd2 {[%clk 0:00:57]} Bd7 {[%clk 0:00:39]} 23. Bf3
{[%clk 0:00:45]} Qh4 {[%clk 0:00:24]} 24. Qe1 {[%clk 0:00:36]} Qxe1
{[%clk 0:00:20]} 25. Bxe1 {[%clk 0:00:37]} Nxg4 {[%clk 0:00:21]} 26. Nxg4
{[%clk 0:00:28]} Bxg4 {[%clk 0:00:22]} 27. Bxb7 {[%clk 0:00:27]} Rb8
{[%clk 0:00:18]} 28. Bd5 {[%clk 0:00:28]} Kxg7 {[%clk 0:00:12]} 29. Bc3
{[%clk 0:00:29]} Bf5 {[%clk 0:00:09]} 30. Rad1 {[%clk 0:00:27]} Kf6
{[%clk 0:00:05]} 31. Bxd4+ {[%clk 0:00:25]} cxd4 {[%clk 0:00:06]} 32. Rf2
{[%clk 0:00:22]} Rb3 {[%clk 0:00:04]} 33. Be4 {[%clk 0:00:22]} Rb4
{[%clk 0:00:04]} 34. Bxf5 {[%clk 0:00:20]} gxf5 {[%clk 0:00:05]} 35. Rxd4
{[%clk 0:00:21]} Rxa4 {[%clk 0:00:06]} 36. Rdf4 {[%clk 0:00:21]} Ke6
{[%clk 0:00:07]} 37. Rxf5 {[%clk 0:00:21]} Ra1+ {[%clk 0:00:09]} 38. Rf1
{[%clk 0:00:22]} Ra2 {[%clk 0:00:10]} 39. Rf6+ {[%clk 0:00:22]} Ke5
{[%clk 0:00:12]} 40. R6f2 {[%clk 0:00:20]} Kd4 {[%clk 0:00:13]} 41. Rc1
{[%clk 0:00:19]} Kc5 {[%clk 0:00:14]} 42. b4+ {[%clk 0:00:20]} Kd5 1-0

[Event "Team Championship (women blitz)"]
[Site "Sochi"]
[Date "2017.10.05"]
[Round "7.2"]
[White "Bivol, Alina"]
[Black "Charochkina, Daria"]
[Result "1-0"]
[LiveChessVersion "1.4.8"]
[BlackElo "2458"]
[WhiteElo "2308"]

1. Nf3 {[%clk 0:03:03]} Nf6 2. g3 g6 {[%clk 0:03:05]} 3. Bg2 {[%clk 0:03:06]} Bg7
{[%clk 0:03:06]} 4. d4 {[%clk 0:03:08]} d5 {[%clk 0:03:07]} 5. O-O
{[%clk 0:03:09]} O-O {[%clk 0:03:08]} 6. Nbd2 {[%clk 0:03:09]} b6
{[%clk 0:03:07]} 7. c4 {[%clk 0:02:59]} Bb7 {[%clk 0:03:06]} 8. cxd5
{[%clk 0:02:49]} Bxd5 {[%clk 0:03:02]} 9. Qc2 {[%clk 0:02:51]} Bb7
{[%clk 0:02:47]} 10. e4 {[%clk 0:02:49]} Nbd7 {[%clk 0:02:43]} 11. Re1
{[%clk 0:02:48]} Rc8 {[%clk 0:02:43]} 12. e5 {[%clk 0:02:34]} Nd5
{[%clk 0:02:26]} 13. e6 {[%clk 0:02:21]} fxe6 {[%clk 0:02:27]} 14. Ng5
{[%clk 0:01:50]} Bxd4 {[%clk 0:02:27]} 15. Ndf3 {[%clk 0:01:49]} Bf6
{[%clk 0:01:38]} 16. Nxe6 {[%clk 0:01:47]} Qe8 {[%clk 0:01:40]} 17. Nxf8
{[%clk 0:01:45]} Qxf8 {[%clk 0:01:37]} 18. Bd2 {[%clk 0:01:43]} c5
{[%clk 0:01:22]} 19. Rad1 {[%clk 0:01:44]} Kh8 {[%clk 0:01:19]} 20. Bc3
{[%clk 0:01:42]} Nxc3 {[%clk 0:01:15]} 21. Rxd7 {[%clk 0:01:38]} Bc6
{[%clk 0:01:05]} 22. Rxa7 {[%clk 0:01:25]} Nb5 {[%clk 0:01:04]} 23. Ra6
{[%clk 0:01:11]} Bxf3 {[%clk 0:00:36]} 24. Bxf3 {[%clk 0:01:13]} Nd4
{[%clk 0:00:37]} 25. Qe4 {[%clk 0:01:08]} Bg7 {[%clk 0:00:35]} 26. Bg2
{[%clk 0:01:09]} e5 {[%clk 0:00:20]} 27. Rxb6 {[%clk 0:01:09]} Rd8
{[%clk 0:00:22]} 28. Rb7 {[%clk 0:01:08]} Qf6 {[%clk 0:00:21]} 29. h3
{[%clk 0:01:03]} Rf8 {[%clk 0:00:22]} 30. Rf1 {[%clk 0:00:56]} c4
{[%clk 0:00:23]} 31. Kh2 {[%clk 0:00:47]} h5 {[%clk 0:00:18]} 32. a4
{[%clk 0:00:48]} Nf5 {[%clk 0:00:17]} 33. Qc6 {[%clk 0:00:40]} Qg5
{[%clk 0:00:14]} 34. Rb6 {[%clk 0:00:37]} Bf6 {[%clk 0:00:09]} 35. h4
{[%clk 0:00:35]} Qd2 {[%clk 0:00:06]} 36. Qc5 {[%clk 0:00:34]} Qd8
{[%clk 0:00:06]} 37. Rd1 {[%clk 0:00:32]} Nd4 {[%clk 0:00:07]} 38. Qd6
{[%clk 0:00:27]} Qc8 {[%clk 0:00:05]} 39. a5 {[%clk 0:00:25]} Bg7
{[%clk 0:00:06]} 40. a6 {[%clk 0:00:25]} Kh7 {[%clk 0:00:03]} 41. a7
{[%clk 0:00:26]} Rxf2 {[%clk 0:00:04]} 42. Qxg6+ {[%clk 0:00:25]} Kg8
{[%clk 0:00:04]} 43. Rb8 {[%clk 0:00:26]} Nf3+ {[%clk 0:00:04]} 44. Kh1
{[%clk 0:00:27]} 1-0

[Event "Team Championship (women blitz)"]
[Site "Sochi"]
[Date "2017.10.05"]
[Round "7.3"]
[White "Potapova, Margarita"]
[Black "Tomilova, Elena"]
[Result "1-0"]
[LiveChessVersion "1.4.8"]
[BlackElo "2279"]
[WhiteElo "2031"]

1. d4 {[%clk 0:03:03]} d5 {[%clk 0:03:04]} 2. c4 {[%clk 0:03:05]} c6
{[%clk 0:03:05]} 3. cxd5 {[%clk 0:03:05]} cxd5 {[%clk 0:03:06]} 4. Nc3
{[%clk 0:03:06]} Nc6 {[%clk 0:03:04]} 5. e4 {[%clk 0:02:54]} e6 {[%clk 0:03:05]}
6. Nf3 {[%clk 0:02:42]} dxe4 {[%clk 0:03:03]} 7. Nxe4 {[%clk 0:02:42]} Bb4+
{[%clk 0:03:01]} 8. Nc3 {[%clk 0:02:41]} Nf6 {[%clk 0:02:58]} 9. Bd3
{[%clk 0:02:40]} O-O {[%clk 0:02:55]} 10. O-O {[%clk 0:02:40]} b6
{[%clk 0:02:34]} 11. Bc2 {[%clk 0:02:33]} Ba6 {[%clk 0:02:24]} 12. Re1
{[%clk 0:02:33]} Ne7 {[%clk 0:02:14]} 13. Ne5 {[%clk 0:02:24]} Bxc3
{[%clk 0:02:09]} 14. bxc3 {[%clk 0:02:24]} Rc8 {[%clk 0:02:09]} 15. Qf3
{[%clk 0:02:16]} Ned5 {[%clk 0:02:02]} 16. Bb2 {[%clk 0:02:04]} Bc4
{[%clk 0:01:49]} 17. Nxc4 {[%clk 0:02:02]} Rxc4 {[%clk 0:01:49]} 18. Bb3
{[%clk 0:02:02]} Rc7 {[%clk 0:01:43]} 19. c4 {[%clk 0:01:56]} Nb4
{[%clk 0:01:35]} 20. Rad1 {[%clk 0:01:52]} a5 {[%clk 0:01:06]} 21. a3
{[%clk 0:01:35]} Na6 {[%clk 0:00:57]} 22. Rd2 {[%clk 0:01:11]} Qa8
{[%clk 0:00:39]} 23. d5 {[%clk 0:00:55]} exd5 {[%clk 0:00:28]} 24. Bxf6
{[%clk 0:00:49]} gxf6 {[%clk 0:00:28]} 25. cxd5 {[%clk 0:00:37]} Kh8
{[%clk 0:00:20]} 26. Qxf6+ {[%clk 0:00:36]} Kg8 {[%clk 0:00:21]} 27. Rd3
{[%clk 0:00:30]} 1-0